Statistiques concernant Taylor Swift - Chansons par acronymes 1

Cliquez ici pour prendre le quiz!

Statistiques générales

  • Ce quiz a été pris 448 fois
    (104 depuis la dernière actualisation)
  • Le résultat moyen est 12 sur 18

Statistiques - réponses

HintRéponse% Correct
TTPD
The Tortured Poets Department
95%
ATWAll Too Well
94%
MA&THPMiss Americana & The Heartbreak Prince
87%
OOTWOut Of The Woods
87%
YOYOKYou're On Your Own, Kid
87%
IKYWTI Knew You Were Trouble
83%
DBMDon't Blame Me
77%
YNTCDYou Need To Calm Down
74%
TLGADThe Last Great American Dynasty
73%
TIWWCHNTThis Is Why We Can't Have Nice Things
69%
ICSYI Can See You
66%
IKPI Know Places
63%
WTNYWelcome To New York
63%
DBATCDeath By a Thousand Cuts
55%
PTBPicture To Burn
37%
TBDThe Best Day ou The Black Dog
37%
WAOLOM
Who's Afraid of Little Old Me?
35%
HDIEHow Did It End?
33%

Distribution des résultats

Percentile par nombre de réponses

% des personnes avec chaque résultat

Votre développement - résultats

Vous n’avez pas pris ce quiz depuis la dernière actualisation